Statistiques concernant Focus sur: Frodon Sacquet - Tolkien

Cliquez ici pour prendre le quiz!

Statistiques générales

  • Ce quiz a été pris 118 fois
  • Le résultat moyen est 12 sur 16

Statistiques - réponses

Informations recherchéesRéponses% Correct
EspèceHobbit
100%
Première apparitionLe Seigneur des Anneaux: La Communauté de l'Anneau
99%
Couleur des cheveuxBrun
95%
Age durant lequel il vécutTroisième
93%
ContréeComté
92%
Groupe auquel il appartientFraternité de l'Anneau
89%
DemeureCul-de-Sac
88%
Autre traduction du prénomFrodo
86%
VilleHobbiteville
78%
Nom de l'armeDard
76%
Autres traductions du nomBaggins
71%
Acteur l'interprétant dans les filmsElijah Wood
63%
Bessac
50%
Livre rédigéLivre rouge de la Marche de l'Ouest
50%
PèreDrogon Sacquet
19%
MèrePrimula Brandebouc
10%

Distribution des résultats

Percentile par nombre de réponses

% des personnes avec chaque résultat

Votre développement - résultats

Vous n’avez pas pris ce quiz